Statistics for Where the first dinosaur fossils were found part 7

Click here to take the quiz!

General Stats

  • This quiz has been taken 7 times
  • The average score is 15 of 15

Answer Stats

HintAnswer% Correct
AnhangueraBrazil
100%
TupuxuaraBrazil
100%
EuoplocephalusCanada
100%
LufengosaurusChina
100%
GuanlongChina
100%
ArchaeopteryxGermany
100%
EuropasaurusGermany
100%
ThecodontosaurusUK
100%
GargoyleosaurusUSA
100%
SauropeltaUSA
100%
UtahceratopsUSA
100%
DiabloceratopsUSA
100%
AchelousaurusUSA
100%
MiragaiaPortugal
83%
AltirhinusMongolia
67%

Score Distribution

Percentile by Number Answered

Percent of People with Each Score

Your Score History

You have not taken this quiz